Ecole d'ete de probabilites de Saint-Flour V-1976

Αποθηκεύτηκε σε:
Λεπτομέρειες βιβλιογραφικής εγγραφής
Συγγραφή απο Οργανισμό/Αρχή: Ecole d'ete de probabilites de Saint-Flour
Άλλοι συγγραφείς: Badrikian, Albert 1933-, Kingman, John Frank Charles, Kuelbs, J.
Μορφή: Βιβλίο
Γλώσσα:French
Δημοσίευση: Berlin ; New York : Springer-Verlag, 1976
Σειρά:Lecture notes in mathematics (Springer-Verlag) ; 539
Θέματα:
Ετικέτες: Προσθήκη ετικέτας
Δεν υπάρχουν, Καταχωρήστε ετικέτα πρώτοι!

MARC

LEADER 00000nam a2200000 i 4500
001 1/59461
008 941103s1976 fre d
020 |a 3-540-07858-4 
035 |a 1993  |l 10046084 
040 |a GR-MY-UA  |b gre  |e aacr 
041 0 |a fre 
082 0 |a 519.2 
110 1 |a Ecole d'ete de probabilites de Saint-Flour. 
245 1 0 |a Ecole d'ete de probabilites de Saint-Flour V-1976 /  |c A. Badrikian, J.F.C. Kingman, J. Kuelbs ; edited par P.-L. Hennequin 
260 |a Berlin ; New York :   |b Springer-Verlag,   |c 1976 
300 |a ix, 314 p.;  |c 25 cm. 
490 1 |a Lecture notes in mathematics (Springer-Verlag)  |v ; 539 
500 |a Includes bibliographies 
650 0 0 |a Probabilities  |x Congresses. 
650 0 0 |a Banach spaces  |x Congresses. 
650 0 0 |a Stochastic processes  |x Congresses. 
700 1 |a Badrikian, Albert  |d 1933- 
700 1 |a Kingman, John Frank Charles. 
700 1 |a Kuelbs, J. 
830 0 |a Lecture notes in mathematics (Springer-Verlag)  |v ; 539 
852 |a INST  |b SAMOS  |e 19941103  |h 519.2 ECO  |p 005300008141  |q 005300008141  |t BK  |y 0 
909 |a Σ  |b 028857